[Event "Cracovia 2008 op A"]
[Site "Krakow"]
[Date "2008.12.29"]
[Round "4.56"]
[White "Wierzbicka, Wiktoria"]
[Black "Gluszko, Monika"]
[Result "1-0"]
[WhiteElo "2056"]
[BlackElo "1901"]
[PlyCount "65"]
[EventDate "2008.??.??"]

1. e4 c5 2. Nf3 d6 3. d4 cxd4 4. Nxd4 Nf6 5. Nc3 Nc6 6. Bg5 e6 7. Qd2 a6 8.
O-O-O Bd7 9. f4 h6 10. Bh4 g5 11. fxg5 Ng4 12. Be2 Nge5 13. Nf3 Be7 14. Kb1 Rg8
15. Bg3 hxg5 16. Rhf1 g4 17. Nxe5 dxe5 18. Qh6 Rg6 19. Qh7 Bf6 20. Bh4 Ke7 21.
Bxf6+ Rxf6 22. Rxf6 Kxf6 23. Rf1+ Ke7 24. Qxf7+ Kd6 25. Bxg4 Nd4 26. Ne2 Qg5
27. Nxd4 Qxg4 28. Nf3 Bc6 29. Rd1+ Kc5 30. Qe7+ Kb5 31. a4+ Kxa4 32. Qc5 b5 33.
Qa3# 1-0

[Event "Cracovia 2008 op A"]
[Site "Krakow"]
[Date "2008.12.29"]
[Round "4.57"]
[White "Ogonowska, Katarzyna"]
[Black "Andrzejewska, Anna"]
[Result "0-1"]
[WhiteElo "1880"]
[BlackElo "2030"]
[PlyCount "59"]
[EventDate "2008.??.??"]

1. f4 d5 2. Nf3 Nf6 3. g3 e6 4. Bg2 Be7 5. O-O O-O 6. d3 c5 7. Nbd2 Ng4 8. Nb3
f5 9. h3 Nf6 10. Nbd2 Nc6 11. c4 a6 12. b3 Qc7 13. Bb2 d4 14. Qe1 Nb4 15. Qd1
Bd6 16. a3 Nc6 17. Nh4 g6 18. Bxc6 Qxc6 19. Ndf3 Qc7 20. Bc1 Nh5 21. Qe1 e5 22.
fxe5 Bxe5 23. Nxe5 Qxe5 24. Kg2 Bd7 25. Nf3 Bc6 26. Kh2 Qd6 27. b4 b6 28. Bd2
Rae8 29. Qf2 Nxg3 30. Kg2 0-1

[Event "Cracovia 2008 op A"]
[Site "Krakow"]
[Date "2008.12.29"]
[Round "4.58"]
[White "Englert, Jan"]
[Black "Kucypera, Malgorzata"]
[Result "1/2-1/2"]
[WhiteElo "2162"]
[BlackElo "2111"]
[PlyCount "45"]
[EventDate "2008.??.??"]

1. d4 Nf6 2. Nc3 d5 3. Bg5 Nbd7 4. Qd3 g6 5. f3 Bg7 6. e4 dxe4 7. fxe4 c6 8.
Nf3 Qa5 9. Be2 e5 10. Bxf6 Bxf6 11. d5 Nc5 12. Qc4 cxd5 13. Qb5+ Qxb5 14. Bxb5+
Bd7 15. Nxd5 Bxb5 16. Nxf6+ Kf8 17. O-O-O Kg7 18. Ng4 Nxe4 19. Rhe1 f5 20.
Ngxe5 Rac8 21. Rd5 Rc5 22. Rxc5 Nxc5 23. Nd4 1/2-1/2

[Event "Cracovia 2008 op A"]
[Site "Krakow"]
[Date "2008.12.29"]
[Round "4.59"]
[White "Pipala, Janusz"]
[Black "Swiech, Przemyslaw"]
[Result "1/2-1/2"]
[WhiteElo "2086"]
[BlackElo "2119"]
[PlyCount "113"]
[EventDate "2008.??.??"]

1. d4 Nf6 2. Nf3 e6 3. Bg5 c5 4. c3 cxd4 5. Nxd4 Be7 6. Nd2 d5 7. e3 O-O 8. Bd3
e5 9. Nf5 Bxf5 10. Bxf5 e4 11. Bxf6 Bxf6 12. Qb3 Nc6 13. Rd1 Qa5 14. Bg4 Rab8
15. Be2 Rfd8 16. O-O b5 17. a3 Qb6 18. Qa2 a5 19. Nb3 b4 20. axb4 axb4 21. c4
d4 22. exd4 Nxd4 23. Nxd4 Bxd4 24. b3 Qc5 25. g3 f5 26. Kg2 f4 27. f3 e3 28.
Qc2 Bc3 29. Rd5 Rxd5 30. cxd5 Kh8 31. Qe4 Rd8 32. Bd3 g6 33. Bc4 Qd4 34. gxf4
Ra8 35. Qxd4+ Bxd4 36. Re1 Re8 37. Bb5 Rd8 38. Bc6 Kg7 39. Kf1 Kf6 40. Ke2 Kf5
41. Rc1 Bf6 42. Rc4 Be7 43. Kxe3 Bd6 44. h3 h6 45. Bb5 Ra8 46. Bd7+ Kf6 47. Re4
Bf8 48. Re6+ Kf7 49. Kd3 Rd8 50. Bc6 Rd6 51. Re2 Rf6 52. Bd7 Rxf4 53. Ke3 g5
54. Rc2 Bg7 55. Be6+ Kg6 56. d6 Rf6 57. Bd5 1/2-1/2

[Event "Cracovia 2008 op A"]
[Site "Krakow"]
[Date "2008.12.30"]
[Round "5.1"]
[White "Paterek, Michal"]
[Black "Piorun, Kacper"]
[Result "1/2-1/2"]
[WhiteElo "2235"]
[BlackElo "2472"]
[PlyCount "214"]
[EventDate "2008.??.??"]

1. d4 Nf6 2. c4 e6 3. Nf3 Bb4+ 4. Nbd2 b6 5. a3 Bxd2+ 6. Qxd2 Bb7 7. b4 O-O 8.
Bb2 d6 9. e3 Nbd7 10. Be2 a5 11. O-O Ne4 12. Qc2 f5 13. Rfd1 Ndf6 14. Nd2 Nxd2
15. Qxd2 Kh8 16. f3 Qe7 17. Bd3 Nd7 18. Bc3 axb4 19. axb4 Qg5 20. Qf2 e5 21.
Rxa8 Rxa8 22. c5 Bd5 23. dxe5 bxc5 24. exd6 cxd6 25. Bb5 Nb6 26. h4 Qg6 27. Kh2
Bb7 28. bxc5 dxc5 29. Qg3 Qxg3+ 30. Kxg3 Nd5 31. Be5 h6 32. Rd3 Rf8 33. Ra3 Ra8
34. Rb3 Nb4 35. Rc3 Ra5 36. Bd7 c4 37. Rxc4 Nd5 38. Bd4 Ra3 39. Bxf5 Nxe3 40.
Rc5 Nxf5+ 41. Rxf5 Rd3 42. Rf8+ Kh7 43. Rd8 Bc6 44. Kf4 Rd2 45. Rd6 Be8 46. g4
h5 47. g5 Rd3 48. Ke4 Rd1 49. f4 Bg6+ 50. Kd5 Bf5 51. Ke5 Bb1 52. Rd7 Re1+ 53.
Kd6 Kg6 54. Rxg7+ Kf5 55. Rf7+ Kg4 56. Be5 Kxh4 57. Ke7 Kg4 58. Kf6 Rc1 59. Rd7
h4 60. g6 h3 61. g7 Rc8 62. f5 Ba2 63. Rd4+ Kh5 64. Bg3 Rc6+ 65. Ke7 Kg5 66.
Ra4 Bb3 67. Ra3 Bd5 68. Ra5 Bb3 69. f6+ Kg6 70. Bd6 Rxd6 71. Kxd6 h2 72. Ra1
Kxf6 73. Rh1 Kxg7 74. Rxh2 Kg6 75. Rh3 Bc4 76. Ke5 Bb5 77. Rb3 Be2 78. Rg3+ Kf7
79. Rg2 Bb5 80. Rg4 Bd7 81. Rb4 Bc8 82. Rb6 Bh3 83. Rf6+ Kg7 84. Rf3 Bd7 85.
Rb3 Be8 86. Kf5 Bd7+ 87. Ke5 Be8 88. Rb2 Kg6 89. Rb6+ Kf7 90. Rf6+ Ke7 91. Rh6
Kf7 92. Rb6 Kg7 93. Ke6 Ba4 94. Ke7 Bc2 95. Rb2 Bd3 96. Rd2 Be4 97. Re2 Bd3 98.
Rg2+ Kh6 99. Ke6 Kh5 100. Ke5 Bb1 101. Rg1 Bc2 102. Rc1 Bd3 103. Kd4 Bf5 104.
Rg1 Bc2 105. Ke5 Bd3 106. Kf4 Kh6 107. Ke5 Kh5 1/2-1/2

[Event "Cracovia 2008 op A"]
[Site "Krakow"]
[Date "2008.12.30"]
[Round "5.2"]
[White "Swiercz, Dariusz"]
[Black "Sharapov, Evgeny"]
[Result "1/2-1/2"]
[WhiteElo "2478"]
[BlackElo "2427"]
[PlyCount "108"]
[EventDate "2008.??.??"]

1. e4 c6 2. d4 d5 3. Nc3 dxe4 4. Nxe4 Bf5 5. Ng3 Bg6 6. N1e2 Nf6 7. h4 h6 8.
Nf4 Bh7 9. Bc4 e6 10. O-O Nd5 11. Bxd5 cxd5 12. Qh5 g6 13. Qe5 Rg8 14. Re1 Be7
15. c4 Nc6 16. Qe3 g5 17. hxg5 hxg5 18. Nxe6 fxe6 19. Qxe6 Qd7 20. Qh6 Bd3 21.
Bxg5 Rxg5 22. Qxg5 O-O-O 23. Qxd5 Qxd5 24. cxd5 Rxd5 25. Rad1 Bc2 26. Rc1 Bb4
27. Re6 Bd3 28. a3 Bd6 29. Ne4 Bf4 30. Re8+ Kc7 31. Rd1 Bc2 32. Re1 Nxd4 33. f3
Nc6 34. b4 a5 35. g3 Be5 36. Rc1 Bxe4 37. fxe4 Rb5 38. Kg2 axb4 39. axb4 Kd7
40. Rf8 Rxb4 41. Rf7+ Kd6 42. Rh7 Rb2+ 43. Kh3 Rb3 44. Rh6+ Kc7 45. Rg6 Re3 46.
Rc4 Kb6 47. Rg5 Bf4 48. Rg7 Bd6 49. Kg2 Rb3 50. Rc1 Be5 51. Rg5 Rc3 52. Rb1+
Ka6 53. Ra1+ Kb6 54. Rb1+ Ka6 1/2-1/2

[Event "Cracovia 2008 op A"]
[Site "Krakow"]
[Date "2008.12.30"]
[Round "5.3"]
[White "Gajewski, Grzegorz"]
[Black "Brodowski, Piotr"]
[Result "1-0"]
[WhiteElo "2577"]
[BlackElo "2401"]
[PlyCount "79"]
[EventDate "2008.??.??"]

1. d4 c5 2. d5 d6 3. e4 Nf6 4. Bd3 g6 5. c4 Bg7 6. Nc3 a6 7. a4 O-O 8. Nge2 e5
9. h3 h6 10. Be3 Nbd7 11. Qd2 Kh7 12. g4 Qa5 13. Ng3 b5 14. cxb5 Nb6 15. O-O h5
16. f3 c4 17. Bc2 Bd7 18. Qf2 Rfb8 19. Ra2 hxg4 20. fxg4 Be8 21. Nf5 gxf5 22.
exf5 Nbxd5 23. Nxd5 Nxd5 24. f6+ Kg8 25. Bh7+ Kf8 26. g5 Nxe3 27. fxg7+ Kxg7
28. Qf6+ Kxh7 29. Qh6+ Kg8 30. g6 Nf5 31. Rxf5 Qe1+ 32. Rf1 Qg3+ 33. Kh1 Qxg6
34. Rg1 axb5 35. a5 b4 36. Raa1 d5 37. h4 Rb6 38. axb6 Rxa1 39. Qxg6+ fxg6 40.
b7 1-0

[Event "Cracovia 2008 op A"]
[Site "Krakow"]
[Date "2008.12.30"]
[Round "5.4"]
[White "Malaniuk, Vladimir P"]
[Black "Nurkiewicz, Maciej"]
[Result "1/2-1/2"]
[WhiteElo "2534"]
[BlackElo "2380"]
[PlyCount "58"]
[EventDate "2008.??.??"]

1. d4 Nf6 2. Nf3 e6 3. c4 b6 4. Nc3 Bb7 5. Bg5 Be7 6. e3 O-O 7. Be2 Ne4 8. Nxe4
Bxe4 9. Bxe7 Qxe7 10. O-O d6 11. Nd2 Bb7 12. Bf3 c5 13. Ne4 Rd8 14. Nc3 cxd4
15. exd4 Bxf3 16. Qxf3 Nd7 17. Rfe1 Qf6 18. Qe3 Qf5 19. Qd2 Nf6 20. Rac1 Rac8
21. b3 h6 22. h3 Rd7 23. Red1 d5 24. cxd5 Nxd5 25. Nxd5 Rxc1 26. Ne7+ Rxe7 27.
Rxc1 Rd7 28. Qe3 Kh7 29. a4 Qd5 1/2-1/2

[Event "Cracovia 2008 op A"]
[Site "Krakow"]
[Date "2008.12.30"]
[Round "5.5"]
[White "Hnydiuk, Aleksander"]
[Black "Aliavdin, Nikolai"]
[Result "1-0"]
[WhiteElo "2403"]
[BlackElo "2343"]
[PlyCount "87"]
[EventDate "2008.??.??"]

1. e4 c5 2. Nf3 d6 3. c3 Nf6 4. Be2 Nbd7 5. d3 b6 6. O-O Bb7 7. Re1 g6 8. Bf1
Bg7 9. Nbd2 O-O 10. d4 cxd4 11. cxd4 e5 12. d5 a5 13. Nb1 Nc5 14. Nc3 Kh8 15.
Rb1 Ng8 16. a3 Bh6 17. b4 axb4 18. axb4 Nd7 19. Bxh6 Nxh6 20. Nb5 Nf6 21. Qc1
Kg7 22. Qc7 Qxc7 23. Nxc7 Ra2 24. Nb5 Rd8 25. Bc4 Raa8 26. Nd2 Ne8 27. Ra1 f5
28. f3 Nf7 29. Bf1 fxe4 30. fxe4 Rdb8 31. Na7 Nf6 32. Nc4 Bc8 33. Nc6 Rxa1 34.
Rxa1 Rb7 35. Ra8 Bg4 36. h3 Bd7 37. Bd3 b5 38. N4a5 Rc7 39. Kf2 Bxc6 40. Nxc6
Kh6 41. Ke3 Kg5 42. Bxb5 Kh4 43. Rf8 Kg3 44. Ba6 1-0

[Event "Cracovia 2008 op A"]
[Site "Krakow"]
[Date "2008.12.30"]
[Round "5.6"]
[White "Majdan, Joanna"]
[Black "Pedersen, Nicolai Vesterbaek"]
[Result "0-1"]
[WhiteElo "2284"]
[BlackElo "2417"]
[PlyCount "134"]
[EventDate "2008.??.??"]

1. e4 e5 2. Nf3 Nc6 3. Bb5 a6 4. Ba4 Nf6 5. O-O Be7 6. Re1 b5 7. Bb3 d6 8. c3
O-O 9. d4 Bg4 10. Be3 exd4 11. cxd4 d5 12. e5 Ne4 13. Nc3 Nxc3 14. bxc3 Qd7 15.
Bc2 Bf5 16. Qb1 Bxc2 17. Qxc2 Nd8 18. Bg5 Ne6 19. Qf5 Qd8 20. Be3 Rc8 21. a4 c5
22. axb5 axb5 23. dxc5 Bxc5 24. Rad1 Bxe3 25. Rxe3 Qa5 26. Red3 Rxc3 27. Rxd5
h6 28. h3 Qb6 29. Nd2 Nc5 30. Nb1 Rc4 31. Nd2 Rc3 32. Nb1 Rc4 33. Nd2 Ra4 34.
Rc1 Ne6 35. Rb1 Rf4 36. Qd3 Qxf2+ 37. Kh1 Rd4 38. Rxd4 Qxd4 39. Qxd4 Nxd4 40.
Rb4 Rd8 41. Ne4 Rd5 42. Nd6 f6 43. Nc8 Nc6 44. Rb1 Rxe5 45. Rc1 Nd4 46. Kh2 h5
47. Rd1 Nc2 48. Rd7 Ne3 49. Kg3 Rg5+ 50. Kf2 Nxg2 51. Ne7+ Kf8 52. Nd5 Nh4 53.
Nf4 Kg8 54. Rb7 Re5 55. Kg3 Nf5+ 56. Kf2 Nd6 57. Rb8+ Kh7 58. Kf3 Nf5 59. Kf2
Nd4 60. Rb6 Kh6 61. Rb8 Kg5 62. Ng2 Re2+ 63. Kf1 Re5 64. Rg8 Nf5 65. Kf2 Rc5
66. Ne1 Rc3 67. Rb8 Rb3 0-1

[Event "Cracovia 2008 op A"]
[Site "Krakow"]
[Date "2008.12.30"]
[Round "5.7"]
[White "Czerwonski, Aleksander"]
[Black "Ashton, Adam G"]
[Result "1-0"]
[WhiteElo "2391"]
[BlackElo "2325"]
[PlyCount "106"]
[EventDate "2008.??.??"]

1. d4 d5 2. c4 e6 3. Nf3 Nf6 4. Bg5 h6 5. Bxf6 Qxf6 6. e3 Nd7 7. Nc3 c6 8. Bd3
dxc4 9. Bxc4 g6 10. e4 e5 11. dxe5 Nxe5 12. Nxe5 Qxe5 13. Qb3 Qe7 14. O-O Bg7
15. f4 b5 16. Bd3 O-O 17. e5 Be6 18. Qc2 Qc5+ 19. Rf2 Rfd8 20. Qe2 Bf5 21. Bxf5
gxf5 22. Kh1 Rd4 23. Rff1 Qc4 24. Qf3 Rad8 25. b3 Qe6 26. Rad1 Bf8 27. h3 Bc5
28. Rxd4 Rxd4 29. Ne2 Rd5 30. Kh2 Bb6 31. Ng3 Rd2 32. Nh5 Bd8 33. Rc1 Rd5 34.
Qg3+ Kf8 35. Qg7+ Ke8 36. Qg8+ Kd7 37. Ng7 Qe7 38. Nxf5 Qe6 39. Ng7 Qe7 40. Re1
Kc7 41. Ne8+ Kc8 42. Qg4+ Kb8 43. Nf6 Rd2 44. Rd1 Rxd1 45. Qxd1 Kc7 46. Qd4 Kb7
47. Ne4 Bb6 48. Qd6 Qe6 49. Kg3 a5 50. Kf3 a4 51. Qxe6 fxe6 52. bxa4 bxa4 53.
g4 Kc8 1-0

[Event "Cracovia 2008 op A"]
[Site "Krakow"]
[Date "2008.12.30"]
[Round "5.8"]
[White "Panocki, Adrian"]
[Black "Krzyzanowski, Marcin"]
[Result "1-0"]
[WhiteElo "2381"]
[BlackElo "2280"]
[PlyCount "85"]
[EventDate "2008.??.??"]

1. e4 c5 2. Nf3 d6 3. d4 cxd4 4. Nxd4 Nf6 5. Nc3 a6 6. Bc4 e6 7. Bb3 b5 8. O-O
Be7 9. Qf3 Qb6 10. Bg5 b4 11. Nce2 Nbd7 12. Rad1 Nc5 13. Ng3 Bb7 14. Rfe1 Rc8
15. Nh5 Nxh5 16. Bxe7 Kxe7 17. Qxh5 Nxb3 18. axb3 Kf8 19. Re3 Kg8 20. Qh4 h6
21. Rg3 Qd8 22. Qf4 Qe7 23. e5 dxe5 24. Qxe5 g5 25. Nf5 Qf8 26. Nd6 Rd8 27.
Rxg5+ hxg5 28. Qxg5+ Qg7 29. Qxd8+ Kh7 30. Qh4+ Kg8 31. Qg3 Qxg3 32. hxg3 Bd5
33. Ra1 Rh5 34. Rxa6 Re5 35. Kf1 Rh5 36. Nc4 Rh1+ 37. Ke2 Bxg2 38. Rb6 Be4 39.
Ne3 Rb1 40. Rxb4 Bg6 41. Kd2 Rxb2 42. Kc1 Ra2 43. Ra4 1-0

[Event "Cracovia 2008 op A"]
[Site "Krakow"]
[Date "2008.12.30"]
[Round "5.9"]
[White "Kocwin, Bartosz"]
[Black "Motyka, Michal"]
[Result "0-1"]
[WhiteElo "2260"]
[BlackElo "2359"]
[PlyCount "75"]
[EventDate "2008.??.??"]

1. Nf3 Nf6 2. g3 d5 3. Bg2 e6 4. d4 b5 5. a4 b4 6. Ne5 c5 7. c4 Nbd7 8. cxd5
Nxd5 9. Nc4 Be7 10. O-O O-O 11. b3 Ba6 12. Bb2 Rc8 13. Nbd2 cxd4 14. Bxd4 Nc3
15. Qe1 Nc5 16. Bxc5 Rxc5 17. f4 Bf6 18. Rc1 Bxc4 19. Nxc4 Rxc4 20. bxc4 b3 21.
Rxc3 Qd4+ 22. e3 Qxc3 23. Qxc3 Bxc3 24. c5 Bd2 25. Kf2 b2 26. Rb1 Bc1 27. Bb7
Rd8 28. c6 Rd2+ 29. Ke1 Rc2 30. Kd1 Rc5 31. Ke2 Kf8 32. Kd3 Ke7 33. e4 Kd6 34.
e5+ Kc7 35. h3 Ra5 36. Kc2 Rxa4 37. Rxb2 Bxb2 38. Kxb2 0-1

[Event "Cracovia 2008 op A"]
[Site "Krakow"]
[Date "2008.12.30"]
[Round "5.10"]
[White "Nguyen, Piotr"]
[Black "Stoma, Pawel"]
[Result "1/2-1/2"]
[WhiteElo "2327"]
[BlackElo "2268"]
[PlyCount "115"]
[EventDate "2008.??.??"]

1. d4 d5 2. c4 c6 3. Nf3 Nf6 4. e3 a6 5. Bd3 b5 6. b3 Bg4 7. Nbd2 e6 8. Qc2 Ra7
9. Bb2 Nbd7 10. O-O Rc7 11. Ne5 Nxe5 12. dxe5 Nd7 13. Bd4 dxc4 14. bxc4 Nc5 15.
Bxc5 Bxc5 16. Ne4 Qe7 17. cxb5 cxb5 18. Rfc1 O-O 19. Nxc5 Rfc8 20. Bxh7+ Kh8
21. Qe4 Rxc5 22. Rxc5 Qxc5 23. h3 Qc3 24. Rb1 Rc4 25. Qd3 Qxd3 26. Bxd3 Bf5 27.
Bxf5 exf5 28. Rb3 Rc1+ 29. Kh2 Rc2 30. Ra3 Rxf2 31. Kg3 Rc2 32. Rxa6 Kg8 33. a4
bxa4 34. Ra8+ Kh7 35. Rxa4 Rc5 36. Kf4 Rc2 37. Kf3 Rc5 38. Ra7 Kg8 39. Ra8+ Kh7
40. Re8 Rc6 41. Rf8 Kg6 42. Rd8 Rc4 43. Rd4 Rc2 44. Rd6+ Kg5 45. e6 fxe6 46.
Rxe6 Ra2 47. g3 g6 48. Rb6 Ra1 49. Rb2 Rf1+ 50. Rf2 Ra1 51. Re2 Ra3 52. g4
fxg4+ 53. hxg4 Ra1 54. Rd2 Rf1+ 55. Kg2 Ra1 56. Rd4 Kh4 57. Rd6 g5 58. Rd5
1/2-1/2

[Event "Cracovia 2008 op A"]
[Site "Krakow"]
[Date "2008.12.30"]
[Round "5.11"]
[White "Zysko, Jan"]
[Black "Kanarek, Marcel"]
[Result "0-1"]
[WhiteElo "2185"]
[BlackElo "2458"]
[PlyCount "84"]
[EventDate "2008.??.??"]

1. e4 c5 2. Nf3 Nc6 3. d4 cxd4 4. Nxd4 e5 5. Nb5 d6 6. N1c3 a6 7. Na3 Be6 8.
Nc4 Rb8 9. Ne3 Nf6 10. g3 h5 11. Bg2 h4 12. Ncd5 h3 13. Bf3 Nd4 14. O-O Nxd5
15. Nxd5 Bxd5 16. exd5 Nxf3+ 17. Qxf3 g6 18. Be3 Bg7 19. c4 f5 20. Qe2 Kf7 21.
c5 dxc5 22. Qc4 Qd6 23. Bxc5 Rbc8 24. Rac1 b5 25. Bxd6 bxc4 26. Rfd1 Rhd8 27.
Bb4 e4 28. Rc2 g5 29. Kf1 Be5 30. Ke2 f4 31. f3 fxg3 32. hxg3 Bxg3 33. fxe4 g4
34. Ke3 Rg8 35. Kd4 Bb8 36. Rf1+ Ke8 37. Rc3 h2 38. Rc2 Ba7+ 39. Ke5 Bg1 40. d6
h1=Q 41. d7+ Kxd7 42. Rf7+ Kc6 0-1

[Event "Cracovia 2008 op A"]
[Site "Krakow"]
[Date "2008.12.30"]
[Round "5.12"]
[White "Ponizil, Cyril"]
[Black "Shishkin, Vadim"]
[Result "0-1"]
[WhiteElo "2251"]
[BlackElo "2502"]
[PlyCount "82"]
[EventDate "2008.??.??"]

1. e4 c5 2. Nf3 Nc6 3. d4 cxd4 4. Nxd4 Nf6 5. Nc3 d6 6. Bg5 e6 7. Qd2 Qb6 8.
O-O-O Be7 9. Bxf6 Bxf6 10. Ndb5 O-O 11. f4 a6 12. Na4 Qd8 13. Nxd6 Bd4 14. c3
Ba7 15. c4 e5 16. c5 Bg4 17. Be2 Bxe2 18. Qxe2 Nd4 19. Qd3 Ne6 20. Qd5 exf4 21.
b4 b5 22. Nc3 a5 23. a3 axb4 24. axb4 Bxc5 25. bxc5 b4 26. Nb1 Qc7 27. Qc4 Ra5
28. Rd5 Rxc5 29. Rxc5 Nxc5 30. Rd1 Qb6 31. e5 Ne6 32. Rd2 h6 33. Kb2 Ra8 34. h3
Qa5 35. Nxf7 Kxf7 36. Rd7+ Kf8 37. Qxe6 Qa1+ 38. Kc2 Ra2+ 39. Kd3 Qxb1+ 40. Kc4
Qc2+ 41. Kxb4 Rb2+ 0-1

[Event "Cracovia 2008 op A"]
[Site "Krakow"]
[Date "2008.12.30"]
[Round "5.13"]
[White "Kalvaitis, Sigitas"]
[Black "Lubczynski, Rafal"]
[Result "1-0"]
[WhiteElo "2230"]
[BlackElo "2423"]
[PlyCount "71"]
[EventDate "2008.??.??"]

1. e4 d6 2. d4 Nf6 3. Nc3 e5 4. Nf3 Nbd7 5. Bc4 Be7 6. O-O O-O 7. Qe2 c6 8. a4
a5 9. Rd1 Qc7 10. h3 h6 11. Ba2 exd4 12. Nxd4 Nc5 13. Bf4 Qb6 14. Nb3 Be6 15.
Bxd6 Bxd6 16. Rxd6 Nxb3 17. Bxb3 Bxb3 18. cxb3 Qxb3 19. Ra3 Qb4 20. Rxf6 gxf6
21. Qg4+ Kh8 22. Qf4 Kg7 23. Nd5 Qxa3 24. Qxf6+ Kh7 25. bxa3 cxd5 26. exd5 Rae8
27. f4 Re2 28. Qd4 Re7 29. Qc5 Rfe8 30. d6 Re1+ 31. Kh2 R1e2 32. d7 Rg8 33.
Qf5+ Kh8 34. Qf6+ Kh7 35. Qxf7+ Kh8 36. Qxg8+ 1-0

[Event "Cracovia 2008 op A"]
[Site "Krakow"]
[Date "2008.12.30"]
[Round "5.14"]
[White "Rudolf, Michal"]
[Black "Szwed, Jacek"]
[Result "1/2-1/2"]
[WhiteElo "2398"]
[BlackElo "2258"]
[PlyCount "107"]
[EventDate "2008.??.??"]

1. e4 e6 2. d4 d5 3. Nc3 dxe4 4. Nxe4 Nd7 5. Bd3 Ngf6 6. Qe2 c5 7. Nxc5 Nxc5 8.
dxc5 Bxc5 9. Nf3 O-O 10. Bg5 Qa5+ 11. c3 Be7 12. O-O Rd8 13. Ne5 Bd7 14. Bxf6
Bxf6 15. Bxh7+ Kf8 16. Nxd7+ Rxd7 17. Bd3 Rad8 18. Rfd1 Qe5 19. Qc2 g5 20. Bf1
b5 21. a3 a5 22. Rxd7 Rxd7 23. Rd1 Rxd1 24. Qxd1 b4 25. cxb4 axb4 26. axb4 Qxb2
27. b5 Bd4 28. Qf3 g4 29. Qe2 Qxe2 30. Bxe2 f5 31. Kf1 Ke7 32. f3 gxf3 33. Bxf3
e5 34. Bb7 Kf6 35. Ke2 e4 36. Bc6 Ke5 37. Be8 f4 38. Bh5 f3+ 39. Bxf3 Bg1 40.
h3 Kf4 41. Kf1 Bb6 42. Bd1 Kg3 43. Bc2 e3 44. Bd1 Bc5 45. Bf3 Bb6 46. Ke2 Bc5
47. Kd3 Ba7 48. Ke4 Bb6 49. Kf5 Bd8 50. Ke4 e2 51. Bxe2 Kxg2 52. Bf1+ Kg3 53.
Kf5 Kh4 54. Bg2 1/2-1/2

[Event "Cracovia 2008 op A"]
[Site "Krakow"]
[Date "2008.12.30"]
[Round "5.15"]
[White "Bobula, Mateusz"]
[Black "Cechura, Petr"]
[Result "1-0"]
[WhiteElo "2395"]
[BlackElo "2249"]
[PlyCount "109"]
[EventDate "2008.??.??"]

1. d4 d5 2. c4 dxc4 3. Nf3 a6 4. e3 Bg4 5. Bxc4 e6 6. h3 Bh5 7. O-O Nf6 8. Nc3
Nc6 9. Be2 Bd6 10. b3 O-O 11. Bb2 Qe8 12. Ne5 Bxe2 13. Nxe2 Rd8 14. Nxc6 Qxc6
15. Rc1 Qe8 16. Qc2 c6 17. f4 Qe7 18. e4 Ba3 19. Bxa3 Qxa3 20. Kh1 c5 21. dxc5
Qb4 22. e5 Rd2 23. Qc3 Nd5 24. Qf3 g6 25. Ng3 Rd4 26. Ne2 Rd2 27. Rc4 Qa3 28.
Nc3 Nxc3 29. Rxc3 Rd5 30. f5 Rxe5 31. fxg6 hxg6 32. Qxb7 Rxc5 33. Rxc5 Qxc5 34.
Qxa6 e5 35. Qd3 Re8 36. Re1 f5 37. a4 e4 38. Qg3 Kf7 39. Qf4 e3 40. a5 Qc3 41.
Qc4+ Qxc4 42. bxc4 f4 43. Kg1 Ke6 44. Kf1 Kd6 45. Ra1 Kc5 46. Ke2 g5 47. a6
Kxc4 48. a7 Ra8 49. g3 Kb5 50. gxf4 gxf4 51. h4 Kb6 52. h5 Kb7 53. h6 Kc7 54.
h7 Kb7 55. Rb1+ 1-0

[Event "Cracovia 2008 op A"]
[Site "Krakow"]
[Date "2008.12.30"]
[Round "5.16"]
[White "Kulon, Klaudia"]
[Black "Bulski, Krzysztof"]
[Result "0-1"]
[WhiteElo "2228"]
[BlackElo "2392"]
[PlyCount "99"]
[EventDate "2008.??.??"]

1. e4 c5 2. Nf3 d6 3. d4 cxd4 4. Nxd4 Nf6 5. Nc3 a6 6. Be3 e5 7. Nb3 Be6 8. f3
Be7 9. Qd2 O-O 10. O-O-O Nbd7 11. g4 b5 12. g5 b4 13. Ne2 Ne8 14. f4 a5 15. f5
Bxb3 16. cxb3 a4 17. bxa4 Rxa4 18. Kb1 Rxa2 19. Kxa2 Qa8+ 20. Kb3 Bxg5 21. Qd5
Qxd5+ 22. exd5 Bxe3 23. Kxb4 Nc7 24. Nc3 Nb6 25. Kb3 Rb8 26. Ka2 Bd4 27. Ne2
Nb5 28. Nxd4 Nxd4 29. Rxd4 exd4 30. Be2 Nxd5 31. Rd1 Nb4+ 32. Kb1 Nc6 33. Bf1
Rb4 34. Ka2 Kf8 35. Ka3 Ke7 36. Bg2 Rb6 37. Bxc6 Rxc6 38. Rxd4 Kf6 39. Rd5 Rc5
40. Rxd6+ Kxf5 41. Rd2 Rc7 42. b4 Ke4 43. b5 f5 44. Kb4 f4 45. b6 Rf7 46. Kc5
f3 47. Kc6 f2 48. b7 f1=Q 49. b8=Q Qc1+ 50. Kd6 0-1

[Event "Cracovia 2008 op A"]
[Site "Krakow"]
[Date "2008.12.30"]
[Round "5.17"]
[White "Smola, Michal"]
[Black "Marszalek, Maciej"]
[Result "1/2-1/2"]
[WhiteElo "2204"]
[BlackElo "2383"]
[PlyCount "40"]
[EventDate "2008.??.??"]

1. e4 c5 2. Nf3 e6 3. d4 cxd4 4. Nxd4 a6 5. Bd3 Nf6 6. c4 Nc6 7. Nxc6 dxc6 8.
O-O e5 9. h3 Bc5 10. Nc3 O-O 11. Qe2 Be6 12. Be3 Qe7 13. Rac1 Bxe3 14. Qxe3
Rad8 15. Rfd1 Rd7 16. b3 Rfd8 17. Bc2 Nh5 18. Ne2 h6 19. Rxd7 Rxd7 20. Rd1
Rxd1+ 1/2-1/2

[Event "Cracovia 2008 op A"]
[Site "Krakow"]
[Date "2008.12.30"]
[Round "5.19"]
[White "Gumula, Daniel"]
[Black "Tyukhanov, Alexey"]
[Result "1/2-1/2"]
[WhiteElo "2351"]
[BlackElo "2227"]
[PlyCount "84"]
[EventDate "2008.??.??"]

1. d4 Nf6 2. c4 g6 3. Nf3 Bg7 4. g3 O-O 5. Bg2 d6 6. O-O c6 7. h3 Nbd7 8. Nc3
e5 9. e4 exd4 10. Nxd4 Re8 11. Be3 Nc5 12. Qc2 a5 13. b3 Qe7 14. Rfe1 Nfd7 15.
Rad1 Nf8 16. f4 h5 17. a3 Bd7 18. b4 axb4 19. axb4 Nce6 20. Nde2 Nc7 21. Qd2
Ra3 22. Bd4 Bxd4+ 23. Qxd4 Be6 24. Qd3 Qd7 25. Kh2 Na6 26. b5 Nc5 27. Qxd6 Qxd6
28. Rxd6 Bxc4 29. bxc6 Bxe2 30. Nd5 Kg7 31. Rxe2 bxc6 32. Rxc6 Nfe6 33. Nc7
Nxc7 34. Rxc7 Ne6 35. Rc4 h4 36. gxh4 Nxf4 37. Rf2 Ne6 38. Bf3 Re7 39. Bg4 Nf8
40. h5 Re3 41. Re2 Rxe2+ 42. Bxe2 f5 1/2-1/2

[Event "Cracovia 2008 op A"]
[Site "Krakow"]
[Date "2008.12.30"]
[Round "5.20"]
[White "Rutkowski, Maciej"]
[Black "Wcislo, Damian"]
[Result "1-0"]
[WhiteElo "2336"]
[BlackElo "2219"]
[PlyCount "91"]
[EventDate "2008.??.??"]

1. e4 c5 2. Nf3 Nc6 3. d4 cxd4 4. Nxd4 Nf6 5. Nc3 d6 6. Bg5 e6 7. Qd2 a6 8.
O-O-O Bd7 9. f3 Be7 10. Be3 h5 11. Kb1 b5 12. Nxc6 Bxc6 13. Ne2 Qc7 14. Nd4 Bb7
15. Bg5 Rc8 16. Bd3 g6 17. Bxb5+ axb5 18. Nxb5 Qb8 19. Nxd6+ Kf8 20. e5 Bxd6
21. Bxf6 Bxe5 22. Qb4+ Kg8 23. Bxe5 Qxe5 24. Qxb7 Rb8 25. Rhe1 Qxh2 26. Qa7 Kg7
27. Qd4+ Kh7 28. g4 Rhc8 29. Rc1 Kg8 30. gxh5 Qxh5 31. Rh1 e5 32. Rxh5 exd4 33.
Rh4 Rc3 34. Rxd4 Rxf3 35. a4 Kg7 36. Rg1 Rb6 37. b4 Rf5 38. Kb2 Re5 39. b5 Re3
40. c3 f5 41. Kb3 Rf6 42. a5 f4 43. a6 f3 44. a7 Re8 45. Rb4 f2 46. Rf1 1-0

[Event "Cracovia 2008 op A"]
[Site "Krakow"]
[Date "2008.12.30"]
[Round "5.21"]
[White "Sadzikowski, Daniel"]
[Black "Samojlov, Anton"]
[Result "0-1"]
[WhiteElo "2178"]
[BlackElo "2331"]
[PlyCount "152"]
[EventDate "2008.??.??"]

1. e4 c5 2. Nf3 Nc6 3. d4 cxd4 4. Nxd4 Nf6 5. Nc3 e5 6. Ndb5 d6 7. Bg5 a6 8.
Na3 b5 9. Nd5 Be7 10. Bxf6 Bxf6 11. c4 b4 12. Nc2 a5 13. g3 O-O 14. h4 Be6 15.
Bh3 Be7 16. Kf1 Rb8 17. b3 Qd7 18. Kg2 Bd8 19. Qd2 Qb7 20. Rad1 Kh8 21. Qe2 Ne7
22. Nxe7 Qxe7 23. Qd3 Bc7 24. Ne3 Rfd8 25. h5 h6 26. Bf5 Bb6 27. Nd5 Bxd5 28.
exd5 Qg5 29. Rh4 Ra8 30. Rg4 Qf6 31. Qc2 a4 32. Bd3 axb3 33. axb3 Ra3 34. Rb1
Rda8 35. Qe2 Ra2 36. Rb2 Rxb2 37. Qxb2 Ra3 38. Rh4 Kg8 39. Bb1 Kf8 40. Rh1 Ke7
41. Be4 Qg5 42. Qc2 Bc5 43. Bf5 Kd8 44. Be4 Kc7 45. Bf5 Qf6 46. Rb1 Kb6 47. Be4
Qg5 48. Rh1 Bd4 49. Bf5 Kc5 50. Be4 Bc3 51. Bh7 Ra7 52. Qe2 Bd4 53. Qc2 Bc3 54.
Qe2 f5 55. Qf3 f4 56. g4 Ra2 57. Kh3 Bd4 58. Rf1 Rb2 59. Bg6 Qd8 60. Bh7 Qa8
61. Qd3 Qa2 62. Qf5 Qxb3+ 63. f3 Bf2 64. Qc8+ Kd4 65. Be4 Be3 66. c5 Qc4 67.
Re1 Bd2 68. Bd3 Kxd3 69. Re4 Qc1 70. Qa6+ Kc2 71. Qc4+ Bc3 72. Re2+ Kb1 73.
Rxb2+ Kxb2 74. Qe2+ Ka3 75. c6 Qh1+ 76. Qh2 Qxf3+ 0-1